000
00427nam a22001577a 4500
003
OSt
005
20241215121453.0
008
241215b |||||||| |||| 00| 0 eng d
040
_c
macl
082
_a
891.433
100
_a
शिवानी
245
_a
छब्बीस कहानियाँ
260
_a
नई दिल्ली
_b
वाणी
_c
2023
650
_a
कहानियाँ
942
_2
ddc
_c
HIN
999
_c
67808
_d
67808